| 000 | 00840cam a22002777a 4500 | ||
|---|---|---|---|
| 003 | CHAP | ||
| 005 | 20220901152249.0 | ||
| 008 | 971013s r 00010 d | ||
| 010 | _a17204 | ||
| 011 | _a18176 | ||
| 035 | _a22261 | ||
| 040 | _cCHAP | ||
| 090 | _aR-2085 | ||
| 100 | 0 | 0 |
_aZarour, George. _9123721 |
| 245 | 3 | _aLa selección de libros de ciencias para las bibliotecas de instituciones de enseñanza de los países árabes | |
| 500 | _aSobretiro de: Bol. UNESCO Bibl. 25(1):28-32 | ||
| 590 |
_aBATCH-UPD _b10 _c20130110 |
||
| 590 |
_aBATCH-UPD _b10 _c20130410 |
||
| 590 |
_aBATCH-UPD _b10 _c20130914 |
||
| 590 |
_aCONVERSION _b10 _c20130109 |
||
| 650 | 1 | 4 |
_aArabia _xBibliotecas. _96408 |
| 650 | 1 | 4 |
_aSelección de libros. _9103776 |
| 901 | _aBK | ||
| 942 |
_cREIMP _2local |
||
| 949 |
_aR-2085 _bBC _cR _d-52140 _eB _i22261 _si |
||
| 999 |
_c17204 _d17204 |
||